Teoría general y práctica de la contratación estatal : (Registro nro. 29825)

Detalles MARC
000 -LEADER
fixed length control field 03052nam a2200289Ia 4500
003 - CONTROL NUMBER IDENTIFIER
control field CO-CtgCURN
005 - DATE AND TIME OF LATEST TRANSACTION
control field 20250905233530.0
008 - FIXED-LENGTH DATA ELEMENTS--GENERAL INFORMATION
fixed length control field 190723s2004 xx 000 0 und d
020 ## - INTERNATIONAL STANDARD BOOK NUMBER
International Standard Book Number 958690685X
040 ## - CATALOGING SOURCE
Original cataloging agency CO-CtgCURN
Language of cataloging spa
Transcribing agency coctgcurn
082 ## - DEWEY DECIMAL CLASSIFICATION NUMBER
Classification number 352.65
Item number R541
100 ## - MAIN ENTRY--PERSONAL NAME
Personal name Rico Puerta, Luis Alonso
Relator term autor
245 #0 - TITLE STATEMENT
Title Teoría general y práctica de la contratación estatal :
Remainder of title concordada con el Decreto 2170 de 2002 /
Statement of responsibility, etc. Luis Alonso Rico Puerta
250 ## - EDITION STATEMENT
Edition statement 3 edición
260 ## - PUBLICATION, DISTRIBUTION, ETC.
Place of publication, distribution, etc. Bogotá, Colombia :
Name of publisher, distributor, etc. Leyer,
Date of publication, distribution, etc. 2004
300 ## - PHYSICAL DESCRIPTION
Extent 863 páginas ;
Dimensions 24 centímetros
500 ## - GENERAL NOTE
General note Incluye índice
504 ## - BIBLIOGRAPHY, ETC. NOTE
Bibliography, etc. note Incluye referencias bibliográficas
505 ## - FORMATTED CONTENTS NOTE
Formatted contents note Cap. I. Introducción. Planteamientos generales -- Cap. II. Contratación y titularidad estatal -- Cap. III. La noción de contrato estatal en la Ley 80 de 1993. Concepto de acto jurídico -- CAp. IV. Definición de algunos contratos estatales -- Cap. V. Perfeccionamiento y ejecución del contrato estatal -- Cap. VI. Publicación de los contratos -- Cap. VII. Nuevo régimen de publicidad de actos del proceso contractual estatal. Contratación por medios electrónicos -- Cap. VIII. Equilibrio contractual -- Cap. IX. Régimen de inhabilidades e incompatibles en materi contractual estatal -- Cap. X. Delegación para contratar -- Cap. XI. Interpretación de las reglas contractuales -- Cap. XII. Los principios de la contratación estatal -- Cap. XIII. Principio de transparencia -- Ca. XIV. Principio de responsabilidad -- Cap. XV. Principio de economía -- Cap. XVI. Selección objetiva del contratista -- Cap. XVII. Registro de proponentes -- Cap. XVIII. Término para resolver las peticiones relacionadas con el contrato -- Cap. XIX. Las garantías en la contratación estatal -- Cap. XX. La solución de las controversias contractuales -- Cap. XXI. Juez competente para conocer de las controversias derivadas de los contratos estatales y de los procesos de ejecución o cumplimiento -- Cap. XXII. Liquidación del contrato. Ocurrencia y contenido. Liquidación de mutuo acuerdo. Liquidación unilateral -- Cap. XXIII. Terminación de los contratos -- Cap. XXIV. De la anulabilidad del contrato civil, comercial, y estatal. Legitimación para su alegación. Término prescriptivo -- Cap. XXV. Control sobre la contratación estatal -- Cap. XXVI. Responsabilidad por la actividad contractual -- Cap. XXVII. De la accion de repeticion -- Cap. XXVIII. Descripción legal y práctica de los procesos de contratación -- Cap. XXIX. Estructura formal y temporal de la contratación directa -- Cap. XXX. Materias que pueden contratarse directamente -- Cap. XXXI. De la contratación de urgencia manifiesta -- Cap. XXXII. Venta de bienes de las entidades estatales.
521 ## - TARGET AUDIENCE NOTE
Target audience note AREA PROFESIONAL
590 ## - LOCAL NOTE (RLIN)
Local note Programa de Derecho_18
630 04 - SUBJECT ADDED ENTRY--UNIFORM TITLE
Uniform title Decreto 2170 de 2002
Geographic subdivision Colombia
650 ## - SUBJECT ADDED ENTRY--TOPICAL TERM
Topical term or geographic name entry element Contratos
650 ## - SUBJECT ADDED ENTRY--TOPICAL TERM
Topical term or geographic name entry element Contratos públicos
942 ## - ADDED ENTRY ELEMENTS (KOHA)
Koha item type Libros
Classification part 352.65
Item part R541
Koha issues (borrowed), all copies 1
Source of classification or shelving scheme Dewey Decimal Classification
Suppress in OPAC No
Existencias
Withdrawn status Lost status Damaged status Not for loan Collection Home library Current library Shelving location Date acquired Inventory number Total checkouts Full call number Barcode Date last seen Date last checked out Copy number Price effective from Koha item type
          Miguel Henríquez Castañeda Barranquilla Miguel Henríquez Castañeda Barranquilla General 05/23/2018 01950 1 352.65 R541 01950 11/26/2019 11/20/2019 ej.1 07/23/2019 Libros